002880000a22001210004500020001800000041000800018082001700026100001900043245004600062260004100108300001100149001000600160 a84-7228-212-00 aSPA04aG 819.5 I74i1 aIsais, Juan M.10aInvierno y otros poemas / Juan M. Isáis aTerrassa, Barcelona, España : CLIE a55 Pag11368